| 000 | 00451nam a2200169Ia 4500 | ||
|---|---|---|---|
| 008 | 230718s9999 xx 000 0 und d | ||
| 020 | _a9780194574556 | ||
| 041 | _aeng | ||
| 082 |
_a428.2 _bSYD |
||
| 100 | _aSydes J. | ||
| 245 | _aTech Talk Elementary : Workbook | ||
| 260 |
_c2014 _bOxford |
||
| 300 | _a80 | ||
| 365 |
_cRs. _b245.00 |
||
| 700 |
_aSydes J. & Cross B. _9199020 |
||
| 906 |
_dO:0510906-Jun-2016B:SE/SI/310629-Apr-2016 _cGENRL _b68.6 |
||
| 999 |
_c342135 _d342135 |
||